[Event "Berlin tt 0001"]
[Site "Berlin"]
[Date "2000.11.19"]
[Round "2.5"]
[White "Dauth, Benjamin"]
[Black "Henze, Hans Joachim"]
[Result "1/2-1/2"]
[WhiteElo "2189"]
[BlackElo "2042"]
[PlyCount "120"]
[EventDate "2000.10.22"]
[EventType "team-tourn"]
[EventRounds "11"]
[EventCountry "GER"]
[SourceTitle "EXT 2007"]
[Source "ChessBase"]
[SourceDate "2006.11.23"]
[SourceVersion "1"]
[SourceVersionDate "2006.11.23"]
[SourceQuality "1"]

1. e4 e5 2. Nf3 Nf6 3. d4 Nxe4 4. Bd3 d5 5. dxe5 Be7 6. 0-0 0-0 7. Qe2 Nc5 8. Nd4 Nxd3 9. cxd3 c5 10. Nb3 d4 11. Bf4 Nc6 12. N1d2 Qd5 13. Bg3 Bf5 14. f4 Nb4 15. Nc1 Nc2 16. Rb1 Ne3 17. Rf2 Rac8 18. b3 b5 19. a4 a6 20. axb5 axb5 21. Ra1 Ra8 22. Rxa8 Rxa8 23. Nf1 Nxf1 24. Rxf1 Ra1 25. Qb2 Qa8 26. Re1 Be6 27. Rf1 g6 28. Qf2 Rb1 29. Bh4 Bf8 30. Re1 Qa1 31. Qf1 Qc3 32. h3 Qd2 33. Kh2 Bh6 34. Bg3 Bd5 35. f5 gxf5 36. Ne2 Rxe1 37. Bxe1 Qxd3 38. Bg3 Bxb3 39. Bf4 Bg7 40. Qe1 h6 41. Nc1 Qc2 42. Qg3 Bd5 43. Bxh6 Qxg2+ 44. Qxg2 Bxg2 45. Bxg7 Kxg7 46. Kxg2 c4 47. Na2 f6 48. e6 Kf8 49. Nb4 Ke7 50. Nc6+ Kxe6 51. Nxd4+ Ke5 52. Nxb5 Kf4 53. Nd4 Ke4 54. Ne2 f4 55. Nc3+ Kd4 56. Nb5+ Ke3 57. h4 f3+ 58. Kf1 Kf4 59. Kf2 Kg4 60. Nc3 Kxh4 1/2-1/2

[Event "Berlin tt 0001"]
[Site "Berlin"]
[Date "2000.10.22"]
[Round "1.6"]
[White "Henze, Hans Joachim"]
[Black "Johannsen, Ingbert"]
[Result "0-1"]
[WhiteElo "2042"]
[BlackElo "2046"]
[PlyCount "50"]
[EventDate "2000.10.22"]
[EventType "team-tourn"]
[EventRounds "11"]
[EventCountry "GER"]
[SourceTitle "EXT 2007"]
[Source "ChessBase"]
[SourceDate "2006.11.23"]
[SourceVersion "1"]
[SourceVersionDate "2006.11.23"]
[SourceQuality "1"]

1. e4 e6 2. d4 d5 3. Nd2 Nf6 4. e5 Nfd7 5. Ngf3 c5 6. c3 Nc6 7. Be2 f6 8. exf6 Nxf6 9. Bb5 Qb6 10. Bxc6+ bxc6 11. 0-0 Bd6 12. Nb3 c4 13. Nbd2 0-0 14. b3 cxb3 15. Qxb3 Rb8 16. Qa4 Qc7 17. Ba3 c5 18. Rab1 Bd7 19. Qa6 Rb6 20. Rxb6 axb6 21. Re1 Bf4 22. g3 Bh6 23. Nb3 Ne4 24. Ne5 Bc8 25. Qa8 Bb7 0-1